000 00738nam a2200253Ia 4500
003 OSt
005 20220912144856.0
006 a|||||r|||| 00| 0
007 ta
008 220909b |||||||| |||| 00| 0 eng d
024 _a67313
037 _cTextual
040 _aCSL
_beng
_cCSL
041 _aeng
082 _aD5133, M1
100 _aAuspices of the electric vehicles committee
245 0 _aElectric and hybrid vehicles
260 _aWarrendale
_bSociety of Automotive Engineers
_c1981
300 _a350p.
_ccm.
490 _aProgress in technology series; 21
650 _aRailway engineering
942 _hD5133, M1
_cTEXL
_2CC
999 _c17939
_d17939